| 000 | 00428 a2200157 4500 | ||
|---|---|---|---|
| 005 | 20250610075003.0 | ||
| 020 | _a978-0-470-50702-5 | ||
| 082 | _a657.28 BAG | ||
| 100 | _aBAGRANOFF N. | ||
| 245 | _aCore concepts of Accounting Information System | ||
| 250 | _a11th Ed. | ||
| 260 |
_aNew York _bWiley & Sons, _c2010 |
||
| 300 |
_ax,533p.;ill,picture _bGlossary & Index _c25cm |
||
| 700 | _aSIMKIN M.& NORMAN C. | ||
| 942 |
_2ddc _cBKS |
||
| 999 |
_c3355 _d3355 |
||